000 00948nam a2200217 i 4500
001 166241
003 ES-MaACL
005 20230906213306.0
008 050912s1856 fr | |||||||| ||fre d
040 _aCAM
_bspa
_cCAM
100 1 _aThiboust, Lambert.
_9133213
245 1 0 _aMadelon Lascaut
_b: cri du coeur, en trois actes sans entr'actes /
_cpar Lambert Thiboust.
260 _aParis :
_bMichel Lévy frères libraires-éditeurs,
_c1856 (
_eLagny :
_fImprimerie de Vialat et Cie)
300 _a36 p. ;
_c19 cm.
490 1 _aBibliothèque dramatique. Theátre moderne
500 _aReprésenté pour la première fois, à Paris, sur le théatre des Varietés, le 13 mars 1856.
598 _aLa mención de serie consta en la cub. original.
830 0 _aBibliothèque dramatique. Theátre moderne
_9182423
852 _aES-MaACL
_jT-734-F-2
_z-- Enc. hol. conservando la cub. original
_z-- Enc. en un vol. facticio
999 _c166241
_d166241